[Event "Rilton Cup 51st"]
[Site "Stockholm"]
[Date "2024.01.04"]
[Round "8"]
[White "Krawczyk, Flawian"]
[Black "Djurovic, Goran"]
[Result "1-0"]
[WhiteElo "2251"]
[BlackElo "2372"]
[PlyCount "91"]
[EventDate "2023.12.27"]
[EventType "swiss"]
[EventRounds "9"]
[EventCountry "SWE"]
[SourceTitle "CB02_2024"]
[SourceDate "2024.01.10"]
[SourceVersion "1"]
[SourceVersionDate "2024.01.10"]
[SourceQuality "1"]

1. e4 c5 2. Nf3 d6 3. d4 cxd4 4. Nxd4 Nf6 5. Nc3 a6 6. Nb3 Nc6 7. Be3 e6 8. g4 h6 9. Qe2 g5 10. h4 Rg8 11. hxg5 hxg5 12. 0-0-0 Ne5 13. Bxg5 Rxg5 14. f4 Nfxg4 15. fxg5 Qxg5+ 16. Kb1 Qe3 17. Rh8 Qxe2 18. Bxe2 Nf6 19. Rf1 Nfd7 20. Nd4 Ke7 21. Bh5 b5 22. Rh7 Bb7 23. Rhxf7+ Nxf7 24. Rxf7+ Kd8 25. Nxe6+ Kc8 26. Nxf8 Ne5 27. Re7 b4 28. Nd5 Bxd5 29. exd5 Rb8 30. Ng6 Nc4 31. Be2 Nb6 32. Bxa6+ Kd8 33. Rb7 Rxb7 34. Bxb7 Kc7 35. Bc6 Nc4 36. Nf4 Kb6 37. Nd3 Ka5 38. Nf2 Kb6 39. Ne4 Kc7 40. c3 bxc3 41. Nxc3 Kb6 42. Ne4 Kc7 43. a4 Na5 44. Nd2 Nxc6 45. dxc6 Kxc6 46. b4 1-0

[Event "CRO Cup"]
[Site "Mali Losinj"]
[Date "2016.05.08"]
[Round "6.52"]
[White "Goric, Esad"]
[Black "Djurovic, Goran"]
[Result "0-1"]
[WhiteElo "2287"]
[BlackElo "2395"]
[PlyCount "102"]
[EventDate "2016.05.04"]
[EventType "team-swiss"]
[EventRounds "6"]
[EventCountry "CRO"]
[SourceTitle "CBM 172 Extra"]
[Source "ChessBase"]
[SourceDate "2016.06.21"]
[SourceVersion "1"]
[SourceVersionDate "2016.06.21"]
[SourceQuality "1"]
[WhiteTeam "Vinkovci"]
[BlackTeam "Sesvete Sljeme"]
[WhiteTeamCountry "CRO"]
[BlackTeamCountry "CRO"]

1. Nf3 c5 2. c4 Nc6 3. Nc3 g6 4. g3 Bg7 5. Bg2 d6 6. 0-0 Qd7 7. Rb1 b6 8. a3 Bb7 9. d3 e6 10. Bd2 Nge7 11. b4 0-0 12. bxc5 dxc5 13. Ne1 Nd4 14. Ne4 Bc6 15. Nc3 Rad8 16. Qc1 Bxg2 17. Nxg2 e5 18. Bg5 f6 19. Be3 Ne6 20. Bh6 f5 21. Bxg7 Kxg7 22. f4 exf4 23. Nxf4 Nxf4 24. Rxf4 Qe6 25. Rf2 Rd4 26. Qd2 h5 27. Rbf1 Rfd8 28. Qc1 h4 29. gxh4 Rxh4 30. Rg2 Rdd4 31. Rf3 Rdg4 32. Rfg3 Rxg3 33. Rxg3 f4 34. Rg2 Nf5 35. Nd5 Qe5 36. Qe1 f3 37. Rf2 Nd4 38. e3 Rg4+ 39. Kh1 Ne2 40. Rf1 Kh6 41. Qf2 Qg5 42. Nf4 Nxf4 43. exf4 Rxf4 44. Re1 Qf6 45. Re3 Qd4 46. h3 Rf5 47. a4 Rf6 48. Kg1 Rf5 49. Kh1 Rf7 50. Kg1 Kg7 51. Kh1 Qxe3 0-1

[Event "CRO Cup"]
[Site "Mali Losinj"]
[Date "2016.05.05"]
[Round "2.22"]
[White "Palac, Mladen"]
[Black "Djurovic, Goran"]
[Result "1-0"]
[WhiteElo "2577"]
[BlackElo "2395"]
[PlyCount "51"]
[EventDate "2016.05.04"]
[EventType "team-swiss"]
[EventRounds "6"]
[EventCountry "CRO"]
[SourceTitle "CBM 172 Extra"]
[Source "ChessBase"]
[SourceDate "2016.06.21"]
[SourceVersion "1"]
[SourceVersionDate "2016.06.21"]
[SourceQuality "1"]
[WhiteTeam "Zagreb Zagreb"]
[BlackTeam "Sesvete Sljeme"]
[WhiteTeamCountry "CRO"]
[BlackTeamCountry "CRO"]

1. d4 Nf6 2. c4 e6 3. Nf3 c5 4. d5 d6 5. Nc3 exd5 6. cxd5 g6 7. Bf4 a6 8. a4 Bg7 9. h3 0-0 10. e3 Nh5 11. Bh2 f5 12. Be2 f4 13. 0-0 fxe3 14. fxe3 Qe7 15. Qd3 Nd7 16. Ne4 Rxf3 17. Bxf3 Ne5 18. Bxe5 Bxe5 19. Bxh5 gxh5 20. Rf3 Bd7 21. Raf1 Bxa4 22. Rf7 Qxf7 23. Rxf7 Kxf7 24. Ng5+ Kf6 25. h4 Rg8 26. Qf1+ 1-0

[Event "CRO Cup"]
[Site "Mali Losinj"]
[Date "2016.05.04"]
[Round "1.72"]
[White "Djurovic, Goran"]
[Black "Sokac, Marko"]
[Result "1-0"]
[WhiteElo "2395"]
[BlackElo "2182"]
[PlyCount "79"]
[EventDate "2016.05.04"]
[EventType "team-swiss"]
[EventRounds "6"]
[EventCountry "CRO"]
[SourceTitle "CBM 172 Extra"]
[Source "ChessBase"]
[SourceDate "2016.06.21"]
[SourceVersion "1"]
[SourceVersionDate "2016.06.21"]
[SourceQuality "1"]
[WhiteTeam "Sesvete Sljeme"]
[BlackTeam "Novo Virje Konaki"]
[WhiteTeamCountry "CRO"]
[BlackTeamCountry "CRO"]

1. Nf3 c5 2. e4 d6 3. d4 cxd4 4. Nxd4 Nf6 5. Nc3 a6 6. Be2 e5 7. Nb3 Be6 8. 0-0 Nbd7 9. a4 Be7 10. a5 Rc8 11. Be3 Rxc3 12. bxc3 Nxe4 13. c4 Nc3 14. Qd2 Nxe2+ 15. Qxe2 Qc7 16. Nd2 0-0 17. Rfb1 f5 18. f3 Rc8 19. Ra2 Nf6 20. Bb6 Qc6 21. Bf2 Bd8 22. Rab2 Bxa5 23. Rxb7 Nd7 24. h3 Rc7 25. Rxc7 Qxc7 26. Ra1 Bxd2 27. Qxd2 Bxc4 28. Qg5 f4 29. Qe7 h6 30. Rb1 d5 31. Rb6 Kh7 32. Rd6 Bb5 33. Rxd5 Qc4 34. Rd2 a5 35. Kh2 a4 36. Bh4 Qc6 37. Qb4 Bc4 38. Rxd7 Qxd7 39. Qxc4 Qd2 40. Qxa4 1-0

[Event "CRO-chT1A 24th"]
[Site "Bol"]
[Date "2015.10.10"]
[Round "8.22"]
[White "Djurovic, Goran"]
[Black "Palac, Mladen"]
[Result "1/2-1/2"]
[WhiteElo "2398"]
[BlackElo "2591"]
[PlyCount "77"]
[EventDate "2015.10.03"]
[EventType "team-tourn"]
[EventRounds "9"]
[EventCountry "CRO"]
[SourceTitle "CBM 168 Extra"]
[Source "ChessBase"]
[SourceDate "2015.10.29"]
[SourceVersion "1"]
[SourceVersionDate "2015.10.29"]
[SourceQuality "1"]
[WhiteTeam "Sesvete Sljeme"]
[BlackTeam "Zagreb Zagreb"]
[WhiteTeamCountry "CRO"]
[BlackTeamCountry "CRO"]

1. e4 c5 2. Nf3 e6 3. d4 cxd4 4. Nxd4 Nc6 5. Nc3 Qc7 6. Be2 Nf6 7. Be3 a6 8. 0-0 Be7 9. f4 d6 10. Kh1 0-0 11. a4 Re8 12. Qe1 Nxd4 13. Bxd4 e5 14. fxe5 dxe5 15. Qg3 Bd8 16. Be3 Kh8 17. Bg5 Be6 18. Qh4 Ng8 19. Bd3 Bxg5 20. Qxg5 Ne7 21. Qh5 Ng6 22. g3 Rad8 23. Nd1 f6 24. Qe2 Rd6 25. Ne3 Red8 26. Rad1 Nf8 27. b3 Qc6 28. Kg1 Qc3 29. Rb1 h6 30. Qe1 Qc6 31. Qe2 Bg8 32. Rfd1 Ne6 33. c4 a5 34. Nd5 b6 35. Kh1 Nc5 36. Bc2 Bxd5 37. cxd5 Qd7 38. Bd3 f5 39. Bb5 1/2-1/2

[Event "CRO-chT1A 24th"]
[Site "Bol"]
[Date "2015.10.08"]
[Round "6.12"]
[White "Djurovic, Goran"]
[Black "Sprenger, Jan Michael"]
[Result "1/2-1/2"]
[WhiteElo "2398"]
[BlackElo "2510"]
[PlyCount "84"]
[EventDate "2015.10.03"]
[EventType "team-tourn"]
[EventRounds "9"]
[EventCountry "CRO"]
[SourceTitle "CBM 168 Extra"]
[Source "ChessBase"]
[SourceDate "2015.10.29"]
[SourceVersion "1"]
[SourceVersionDate "2015.10.29"]
[SourceQuality "1"]
[WhiteTeam "Sesvete Sljeme"]
[BlackTeam "Split Brda"]
[WhiteTeamCountry "CRO"]
[BlackTeamCountry "CRO"]

1. c4 e5 2. Nc3 Nf6 3. Nf3 Nc6 4. d3 d5 5. cxd5 Nxd5 6. e3 Be7 7. Be2 0-0 8. 0-0 Be6 9. a3 f5 10. Nxd5 Qxd5 11. b4 Bf6 12. Bb2 a5 13. bxa5 Rxa5 14. d4 exd4 15. Nxd4 Nxd4 16. Bxd4 Bxd4 17. Bf3 Qd6 18. Qxd4 Qxd4 19. exd4 c6 20. Rab1 Rf7 21. Rfe1 Re7 22. h4 Kf7 23. Re3 Ra8 24. Rb4 Kf6 25. Rb6 Rd8 26. Rb4 h6 27. h5 Rd6 28. Re1 Red7 29. Reb1 Rxd4 30. Rxd4 Rxd4 31. Rxb7 c5 32. Rc7 c4 33. a4 Rd2 34. a5 Ra2 35. Rc5 c3 36. Rxc3 Rxa5 37. g3 Ra6 38. Rc7 Rd6 39. Kg2 Bf7 40. Ra7 Rb6 41. Rc7 Be6 42. Ra7 Rd6 1/2-1/2

[Event "CRO-chT1A 24th"]
[Site "Bol"]
[Date "2015.10.05"]
[Round "3.42"]
[White "Djurovic, Goran"]
[Black "Lenic, Luka"]
[Result "1/2-1/2"]
[WhiteElo "2398"]
[BlackElo "2639"]
[PlyCount "75"]
[EventDate "2015.10.03"]
[EventType "team-tourn"]
[EventRounds "9"]
[EventCountry "CRO"]
[SourceTitle "CBM 168 Extra"]
[Source "ChessBase"]
[SourceDate "2015.10.29"]
[SourceVersion "1"]
[SourceVersionDate "2015.10.29"]
[SourceQuality "1"]
[WhiteTeam "Sesvete Sljeme"]
[BlackTeam "Rijeka Liburnija"]
[WhiteTeamCountry "CRO"]
[BlackTeamCountry "CRO"]

1. g3 d5 2. d3 g6 3. Bg2 Bg7 4. Nd2 e5 5. e4 Ne7 6. exd5 Nxd5 7. Ngf3 0-0 8. 0-0 Nc6 9. c3 h6 10. Nb3 Re8 11. d4 e4 12. Ne1 a5 13. a4 f5 14. Nc2 b6 15. Ne3 Nf6 16. f4 Ba6 17. Rf2 Ne7 18. Nd2 c5 19. dxc5 bxc5 20. Bf1 Bxf1 21. Qxf1 Kh7 22. Ndc4 Qc7 23. Rd2 Rad8 24. Qe2 Nfd5 25. Ra3 g5 26. fxg5 f4 27. Nxd5 Nxd5 28. Qh5 e3 29. gxh6 exd2 30. hxg7+ Kxg7 31. Bxd2 Qf7 32. Qf3 Qg6 33. Rb3 Rd7 34. Rb5 fxg3 35. Qxg3 Qxg3+ 36. hxg3 Nf6 37. Be3 Rd3 38. Rxc5 1/2-1/2

[Event "CRO-CupT final"]
[Site "Sibenik"]
[Date "2015.05.22"]
[Round "4.6"]
[White "Djurovic, Goran"]
[Black "Plenca, Jadranko"]
[Result "1/2-1/2"]
[WhiteElo "2400"]
[BlackElo "2364"]
[PlyCount "86"]
[EventDate "2015.05.20"]
[EventType "team-swiss"]
[EventRounds "6"]
[EventCountry "CRO"]
[SourceTitle "CBM 166 Extra"]
[Source "ChessBase"]
[SourceDate "2015.06.18"]
[SourceVersion "1"]
[SourceVersionDate "2015.06.18"]
[SourceQuality "1"]
[WhiteTeam "Sesvete"]
[BlackTeam "Novo Virje Konaki"]
[WhiteTeamCountry "CRO"]
[BlackTeamCountry "CRO"]

1. c4 c6 2. e4 d5 3. exd5 cxd5 4. cxd5 Nf6 5. Qa4+ Nbd7 6. Nc3 g6 7. Bc4 Bg7 8. Nf3 0-0 9. Qb3 a6 10. a4 Qc7 11. 0-0 Nc5 12. Qd1 Bd7 13. a5 Bf5 14. d3 Rad8 15. Qe2 Rfe8 16. Qe3 e6 17. dxe6 Bxe6 18. Qf4 Qxf4 19. Bxf4 Nxd3 20. Bxe6 Rxe6 21. Rad1 Rd7 22. Be3 Nxb2 23. Rd4 Rxd4 24. Nxd4 Re7 25. Nb3 Nc4 26. Bc5 Rd7 27. Rc1 Ne5 28. Bb6 Nc6 29. Nc5 Re7 30. Kf1 Bf8 31. N3a4 Ne4 32. f3 Bh6 33. Re1 Nd2+ 34. Kf2 Rxe1 35. Kxe1 Nc4 36. Nxb7 Bd2+ 37. Ke2 N6xa5 38. Bxa5 Nxa5 39. Nbc5 Bf4 40. h3 Bd6 41. Kd3 Nc6 42. Nxa6 Nb4+ 43. Nxb4 Bxb4 1/2-1/2

[Event "CRO-chT2"]
[Site "Bol"]
[Date "2013.09.19"]
[Round "6.3"]
[White "Zufic, Miroslav"]
[Black "Djurovic, Goran"]
[Result "1/2-1/2"]
[WhiteElo "2444"]
[BlackElo "2395"]
[PlyCount "126"]
[EventDate "2013.09.14"]
[EventType "team-tourn"]
[EventRounds "9"]
[EventCountry "CRO"]
[SourceTitle "CBM 156 Extra"]
[Source "ChessBase"]
[SourceDate "2013.10.22"]
[SourceVersion "1"]
[SourceVersionDate "2013.10.22"]
[SourceQuality "1"]
[WhiteTeam "Pula"]
[BlackTeam "Sesvete"]
[WhiteTeamCountry "CRO"]
[BlackTeamCountry "CRO"]

1. e4 e5 2. Nf3 Nc6 3. Bb5 Nf6 4. 0-0 Nxe4 5. Re1 Nd6 6. Nxe5 Be7 7. Bf1 Nxe5 8. Rxe5 0-0 9. Nc3 Bf6 10. Re1 Nf5 11. Nd5 c6 12. Qf3 Nd4 13. Nxf6+ Qxf6 14. Qxf6 gxf6 15. Bd3 d5 16. b3 Bf5 17. Bxf5 Nxf5 18. Bb2 Kg7 19. g4 Nh4 20. Re3 c5 21. Rh3 Ng6 22. Rh5 b6 23. Rxd5 Rfd8 24. Rxd8 Rxd8 25. d3 Ne5 26. Bxe5 fxe5 27. Re1 f6 28. Kg2 Kg6 29. Kg3 h5 30. f4 exf4+ 31. Kxf4 hxg4 32. Kxg4 f5+ 33. Kf3 Rh8 34. Kg3 Kf6 35. h4 b5 36. Rh1 Rh5 37. a3 a5 38. b4 axb4 39. axb4 cxb4 40. Rb1 Rh8 41. Rxb4 Rc8 42. Rb2 b4 43. Kf3 Rc6 44. Kf4 Rc7 45. Rxb4 Rxc2 46. Rb6+ Kf7 47. Kxf5 Rc5+ 48. Kf4 Rh5 49. Kg4 Rd5 50. Rb3 Rd4+ 51. Kg3 Kg6 52. Ra3 Rd5 53. Kf4 Rh5 54. Ra7 Kf6 55. Ra6+ Kf7 56. Kg4 Rd5 57. Ra3 Rd7 58. Kg5 Rd5+ 59. Kh6 Rd6+ 60. Kh7 Rd5 61. Ra7+ Kf8 62. Ra3 Rh5+ 63. Kg6 Rxh4 1/2-1/2

[Event "Split op 3rd"]
[Site "Split"]
[Date "2013.08.11"]
[Round "2"]
[White "Djurovic, Goran"]
[Black "Bebchuk, Leonid"]
[Result "1-0"]
[WhiteElo "2394"]
[BlackElo "2106"]
[PlyCount "129"]
[EventDate "2013.08.10"]
[EventType "swiss"]
[EventRounds "9"]
[EventCountry "CRO"]
[SourceTitle "CBM 155 Extra"]
[Source "ChessBase"]
[SourceDate "2013.08.26"]
[SourceVersion "1"]
[SourceVersionDate "2013.08.26"]
[SourceQuality "1"]

1. c4 e6 2. g3 d5 3. Bg2 Nf6 4. Nf3 Be7 5. 0-0 0-0 6. d4 dxc4 7. Qa4 a6 8. Qxc4 b5 9. Qc2 Bb7 10. Bd2 Bd6 11. Rc1 Nbd7 12. Ba5 Rc8 13. Nh4 Bxg2 14. Kxg2 Nd5 15. Nf3 N5b6 16. Bxb6 cxb6 17. Qd1 Rxc1 18. Qxc1 Qa8 19. Qe3 Rc8 20. Nc3 Nf6 21. Rc1 h6 22. Ne4 Nd5 23. Rxc8+ Qxc8 24. Qd3 Be7 25. Ned2 Qc1 26. Qb1 Qc6 27. e4 Nf6 28. Ne5 Qc7 29. h3 Bb4 30. Nf1 Qb7 31. f3 Nd7 32. Nd3 Bf8 33. Qc2 Nb8 34. Ne3 Nc6 35. d5 exd5 36. Nxd5 Bd6 37. Qf2 Ne5 38. Nxe5 Bxe5 39. b3 Bc7 40. Qd4 Qb8 41. Ne7+ Kf8 42. Nf5 Be5 43. Qd7 Qc7 44. Qxc7 Bxc7 45. f4 h5 46. Kf3 g6 47. Nd4 Ke7 48. e5 f5 49. g4 hxg4+ 50. hxg4 fxg4+ 51. Kxg4 Kf7 52. Kf3 Ke7 53. Ke4 Kd7 54. Kd5 Bd8 55. Nc6 Bc7 56. Nb4 a5 57. Nc6 b4 58. Nd4 Bd8 59. Nf3 Be7 60. e6+ Kc7 61. Ne5 g5 62. f5 b5 63. Ng4 a4 64. f6 Bd6 65. Ne5 1-0